000
00287nam a22001337a 4500
008
181017b xxu||||| |||| 00| 0 eng d
020
_a
0195143663
041
_a
eng
080
_a
940
100
_a
16
101
_a
SHH
245
_a
100 Decisive Battles
_c
Davis,P.K
942
_2
udc
_c
BK
999
_c
50086
_d
50086